<?xml version="1.0" encoding="UTF-8"?>
<record
    xmlns:xsi="http://www.w3.org/2001/XMLSchema-instance"
    xsi:schemaLocation="http://www.loc.gov/MARC21/slim http://www.loc.gov/standards/marcxml/schema/MARC21slim.xsd"
    xmlns="http://www.loc.gov/MARC21/slim">

  <leader>02192    a2200169   4500</leader>
  <controlfield tag="003">Nust</controlfield>
  <controlfield tag="005">20221116132928.0</controlfield>
  <datafield tag="040" ind1=" " ind2=" ">
    <subfield code="c">Nust</subfield>
  </datafield>
  <datafield tag="082" ind1=" " ind2=" ">
    <subfield code="a">621.3744,MIL</subfield>
  </datafield>
  <datafield tag="245" ind1=" " ind2=" ">
    <subfield code="a">Milimeter Waves :</subfield>
    <subfield code="c">Microwave Research Institute Symposia /</subfield>
  </datafield>
  <datafield tag="250" ind1=" " ind2=" ">
    <subfield code="b">Volume IX</subfield>
  </datafield>
  <datafield tag="260" ind1=" " ind2=" ">
    <subfield code="a">New York</subfield>
    <subfield code="b">Politechnic Press</subfield>
    <subfield code="c">1960</subfield>
  </datafield>
  <datafield tag="300" ind1=" " ind2=" ">
    <subfield code="a">656:p</subfield>
  </datafield>
  <datafield tag="505" ind1=" " ind2=" ">
    <subfield code="a">Millimeter and Sub millimeter waves in Physics (Page-1), Millimeter Waves in Communication (Page-25), Interaction Between an Electron Stream and Plasma (Page-57), Millimeter Instrumentation for Solid State Research (Page-73), Microwave Hall Effect in Germanium and silicon (Page-87), Highly Anisotropic Materials for Millimeter Wave Applications (Page-95), A New Method for Dielectric Measurements at Millimeter Wavelengths (Page-109), Pendulum Method for Power Measurement in the Millimeter Wave Region (Page-123), Use of Multiple Polarizations for Electron Density Profile Measurements in High Temperature plasmas (Page-141), The Generation of Sub millimeter Waves and fast Wave Amplification (Page-155), Strong Focusing of Electron Beams with Undulator Lenses (Page-165), Radiation in the Millimeter Waveband (Page-169), Generation of Microwaves (Page-181)The Dielectric tube Resonator (Page-191), A Millimeter Wave Multiplier Using the Purcell Radiator (Page-223), A Proposed Millimeter Wave Generator (Page-233), Reflex Klystrons for Millimeter Waves (Page-249), Cyclotron Resonance and the Generation of Millmeter Waves (Page-261), Electron Beam Interaction with Fast Waves (Page-301), Millimeter Wave O-Carcinotron (Page-313), On the Theory of Traveling Wave Tubes Using Paralleled Electron Streams (Page-341), Action of a Progressive Disturbance on a Guided Electromagnetic Wave (Page-403), A Millimeter Wave Pulsed Magnetron (Page-429), Helix Type Traveling Wave Amplifier for (Page-461), Transfer Characteristics of 2N Port Networks (Page-477), Round Waveguide with Lossy Lining (Page-513), Line Sources and Linear Arrays for Millimeter Wavelengths (Page-563), Mode Conversion in the Excitation of TE Waves in a TE Mode Transducer (Page-595), Round Table Discussion (Page-649).    </subfield>
  </datafield>
  <datafield tag="650" ind1=" " ind2=" ">
    <subfield code="a">Microwave</subfield>
    <subfield code="9">102704</subfield>
  </datafield>
  <datafield tag="942" ind1=" " ind2=" ">
    <subfield code="2">ddc</subfield>
    <subfield code="c">BK</subfield>
  </datafield>
  <datafield tag="999" ind1=" " ind2=" ">
    <subfield code="c">188280</subfield>
    <subfield code="d">188280</subfield>
  </datafield>
  <datafield tag="952" ind1=" " ind2=" ">
    <subfield code="0">0</subfield>
    <subfield code="1">0</subfield>
    <subfield code="2">ddc</subfield>
    <subfield code="4">0</subfield>
    <subfield code="7">0</subfield>
    <subfield code="a">MCS</subfield>
    <subfield code="b">MCS</subfield>
    <subfield code="c">GEN</subfield>
    <subfield code="d">2016-12-12</subfield>
    <subfield code="o">621.3744,MIL</subfield>
    <subfield code="p">MCS6824</subfield>
    <subfield code="r">2016-12-08</subfield>
    <subfield code="w">2016-12-12</subfield>
    <subfield code="y">BK</subfield>
    <subfield code="z">Almirah No.30, Shelf No.4</subfield>
  </datafield>
</record>
